| 000 | 00936nam a2200241 a 4500 | ||
|---|---|---|---|
| 001 | 000047283 | ||
| 005 | 20201002053519.0 | ||
| 008 | 180426s2017 dr a 000 0 spa d | ||
| 020 | _a9789945194777 | ||
| 040 |
_aDO-SdBNP _bspa _cBNPHU |
||
| 082 |
_axxx _bV436L, 5to., 2017 |
||
| 100 | 1 |
_aVélez Orsatelli , Selmira _974903 |
|
| 245 | 0 |
_aLengua española 5 : _beducación primaria / _cSelmira Vélez Orsatelli; dirección editorial Claudia Llibre; ilustración Ruddy Núñez. |
|
| 250 | _a2a. ed. | ||
| 260 |
_aSanto Domingo : _bSantillana, _c2017. |
||
| 300 |
_a175p. : _bil. ; _c29 cm. |
||
| 500 | _aActualización según el nuevo diseño curricular oficial | ||
| 500 | _ala biblioteca posee solamente Guía didáctica. Recursos didácticos para el docente | ||
| 590 | _aInventariado, 2018/MFF | ||
| 700 | 1 |
_aGonzález Gutiérrez, Mirtha _965096 |
|
| 700 | 1 |
_aLibre, Claudia, _eed. _930469 |
|
| 700 | 1 |
_aNúñez, Ruddy, _eil. _923171 |
|
| 999 |
_c46771 _d46771 |
||